Bioactives in fruit : health benefits and functional foods
Αποθηκεύτηκε σε:
| Άλλοι συγγραφείς: | , |
|---|---|
| Μορφή: | Βιβλίο |
| Γλώσσα: | English |
| Δημοσίευση: |
Chichester :
Wiley Blackwell,
c2013
|
| Θέματα: | |
| Ετικέτες: |
Προσθήκη ετικέτας
Δεν υπάρχουν, Καταχωρήστε ετικέτα πρώτοι!
|
MARC
| LEADER | 00000nam a2200000 i 4500 | ||
|---|---|---|---|
| 001 | 1/58954 | ||
| 008 | 141103s2013 eng d | ||
| 020 | |a 978-0-470-67497-0 (hbk) | ||
| 035 | |l 10119612 | ||
| 040 | |a GR-MY-UA |b gre |e aacr | ||
| 041 | 0 | |a eng | |
| 082 | 0 | |a 613.2 |2 (23) | |
| 245 | 1 | 0 | |a Bioactives in fruit : |b health benefits and functional foods / |c editors: Margot Skinner, Denise Hunter |
| 260 | |a Chichester : |b Wiley Blackwell, |c c2013 | ||
| 300 | |a xxiii, 517 σ.; |b πίν., σχέδια; |c 24 εκ. | ||
| 504 | |a Περιλαμβάνει βιβλιογραφία και ευρετήριο | ||
| 650 | 0 | 0 | |a Bioavailability. |
| 650 | 0 | 0 | |a Functional foods. |
| 650 | 0 | 0 | |a Phytotherapy. |
| 650 | 0 | 0 | |a Fruit |x Composition. |
| 650 | 0 | 0 | |a Plant extracts. |
| 700 | 1 | |a Skinner, Margot. |4 edt | |
| 700 | 1 | |a Hunter, Denise. |4 edt | |
| 852 | |a INST |b LEMNOS |e 20141103 |h 613.2 BIO |p 005600001668 |q 005600001668 |t BK |y 0 | ||
| 901 | |a BIBL6-2014-3 | ||
| 909 | |a Μ |b 189096 | ||
| 922 | |a 6ΕΛΗ |b 201405 |c ΤΑΚ/ΤΕΤΔ |d ΔΙΑΔΡΟΜΕΣ | ||
| 970 | |a ΜΟΣΧΟΒΗ |b ΕΥΑΓΓΕΛΙΑ |z 2014/11/03 | ||